COMMUNITY HEALTH NURSING (Record no. 6807)
[ view plain ]
| 000 -LEADER | |
|---|---|
| fixed length control field | 00349nam a2200145Ia 4500 |
| 008 - FIXED-LENGTH DATA ELEMENTS--GENERAL INFORMATION | |
| fixed length control field | 150301s2013 xx 000 0 und d |
| 082 ## - DEWEY DECIMAL CLASSIFICATION NUMBER | |
| Classification number | 610.734 |
| Item number | C13J |
| 100 ## - MAIN ENTRY--PERSONAL NAME | |
| Personal name | JOSEPH, SUNITA |
| 245 ## - TITLE STATEMENT | |
| Title | COMMUNITY HEALTH NURSING |
| 250 ## - EDITION STATEMENT | |
| Edition statement | 1ST |
| 260 ## - PUBLICATION, DISTRIBUTION, ETC. (IMPRINT) | |
| Name of publisher, distributor, etc. | A.I.T.B.S |
| Date of publication, distribution, etc. | 2013 |
| 300 ## - PHYSICAL DESCRIPTION | |
| Extent | 483 |
| 650 ## - SUBJECT ADDED ENTRY--TOPICAL TERM | |
| Topical term or geographic name as entry element | COMMUNITY HEALTH NURSING |
| 942 ## - ADDED ENTRY ELEMENTS (KOHA) | |
| Source of classification or shelving scheme | Dewey Decimal Classification |
| Koha item type | Books |
| Koha issues (borrowed), all copies | 38 |
| Withdrawn status | Lost status | Source of classification or shelving scheme | Damaged status | Not for loan | Collection code | Home library | Current library | Shelving location | Date acquired | Source of acquisition | Cost, normal purchase price | SGTU | Bill Number | Total Checkouts | Full call number | Barcode | Date last seen | Date last checked out | Bill Date | Koha item type | Checked out |
|---|---|---|---|---|---|---|---|---|---|---|---|---|---|---|---|---|---|---|---|---|---|
| Dewey Decimal Classification | NURSING | SGT Medical Library | SGT Medical Library | Text Book | 02/07/2015 | ABC DELHI | 325.00 | SGTU | 5533 | 9 | 610.734 C13J | FN2676 | 01/09/2025 | 20/08/2025 | 25/03/2015 | Books | |||||
| Dewey Decimal Classification | NURSING | SGT Medical Library | SGT Medical Library | Text Book | 02/07/2015 | ABC DELHI | 325.00 | SGTU | 5533 | 17 | 610.734 C13J | FN2677 | 25/05/2026 | 13/05/2026 | 25/03/2015 | Books | |||||
| Dewey Decimal Classification | NURSING | SGT Medical Library | SGT Medical Library | Text Book | 02/07/2015 | ABC DELHI | 325.00 | SGTU | 5533 | 13 | 610.734 C13J | FN2678 | 07/04/2026 | 06/04/2026 | 25/03/2015 | Books | |||||
| Dewey Decimal Classification | NURSING | SGT Medical Library | SGT Medical Library | Text Book | 02/07/2015 | ABC DELHI | 325.00 | SGTU | 5533 | 25 | 610.734 C13J | FN2679 | 23/05/2026 | 12/05/2026 | 25/03/2015 | Books | |||||
| Dewey Decimal Classification | NURSING | SGT Medical Library | SGT Medical Library | Text Book | 02/07/2015 | ABC DELHI | 325.00 | SGTU | 5533 | 15 | 610.734 C13J | FN2680 | 29/04/2026 | 29/04/2026 | 25/03/2015 | Books | 13/05/2026 |